| 000 | 01058nam a22003377a 4500 | ||
|---|---|---|---|
| 003 | CHAP | ||
| 005 | 20220329142305.0 | ||
| 008 | 000515d1994 mx a r 00010 spa d | ||
| 010 | _a81132 | ||
| 011 | _a82104 | ||
| 035 | _a92590 | ||
| 040 | _cCHAP | ||
| 082 | 0 | 4 |
_a624 _bI5 |
| 110 | 2 |
_aIngenieros Civiles Asociados _958282 |
|
| 245 | 1 | 0 |
_aInforme anual 1994 _c/por ICA |
| 260 |
_aMéxico D.F. : _bIngenieros Civiles Asociados _c1994 |
||
| 300 |
_av. : _bilus. |
||
| 500 | _aLa biblioteca tiene :1994 | ||
| 590 |
_aBATCH-UPD _b10 _c20130110 _lUCH01 _h0751 |
||
| 590 |
_aBATCH-UPD _b10 _c20130410 _lUCH01 _h0431 |
||
| 590 |
_aBATCH-UPD _b10 _c20130913 _lUCH01 _h1946 |
||
| 590 |
_aCONVERSION _b10 _c20130109 _lUCH01 _h1345 |
||
| 650 | 1 | 4 |
_aAdministración de empresas. _9922 |
| 650 | 1 | 4 |
_aEmpresas ICA sociedad controladora. _936654 |
| 650 | 1 | 4 |
_aFinanzas. _940930 |
| 650 | 1 | 4 |
_aIngeniería civil. _958214 |
| 901 | _aBK | ||
| 905 | _aMarco A. Mendoza T. | ||
| 942 | _cLIBRO | ||
| 949 |
_a624 I5 _bBC _cLIBRO _d33724000774774 _eLIBRO _h96713 _i92590 _kDonaciØn _si |
||
| 999 |
_c81132 _d81132 |
||